| 000 | 00428nam a22001577a 4500 | ||
|---|---|---|---|
| 008 | 250714b |||||||| |||| 00| 0 eng d | ||
| 020 | _a9788123922508 | ||
| 050 |
_aP90. _b.H37 |
||
| 100 | _aHasan seema | ||
| 245 | _aMass communication: principles and concepts | ||
| 250 | _a2nd | ||
| 260 |
_aNew Delhi _bCBS publishers & distributors _c2016 |
||
| 300 |
_axvi, 844p. _bill |
||
| 650 |
_aCommunication _vMass media |
||
| 942 | _cBK | ||
| 999 |
_c4281 _d4281 |
||